00672nam a2200229Ia 450000500170000000800410001702000100005804000190006804100120008708200160009910000160011524500430013126000400017430000150021450400340022965000140026365100270027785000100030494200070031499900160032195201050033720240203114128.0131103s9999 xx 000 0 und d cRs.10 aLoreto College aEnglish a370.15bDUT aDutt, Santi aEducational Psychology, cSanti Dutt aCalcuttabBibhas Ranjan Sinhac1994 avi,366 p.  aIncludes references and index aEducation aEducational Psychology aLCLIB cBK c3483d53962 00102ddc4070aMAINbMAINd2013-11-04l0o370.15 DUT 37895pB3348r2013-11-04w2013-11-04yBKf